[Event "Oakham Young Masters"]
[Site "Oakham"]
[Date "1990.??.??"]
[Round "?"]
[White "Apicella, Manuel"]
[Black "Harris, Michael"]
[Result "1-0"]
[WhiteElo "2390"]
[BlackElo "2255"]
[PlyCount "83"]
[EventDate "1990.03.28"]
[EventType "swiss"]
[EventRounds "9"]
[EventCountry "ENG"]
[SourceTitle "BritBase"]
[Source "John Saunders"]
[SourceDate "2023.06.27"]
[SourceVersion "1"]
[SourceVersionDate "2023.06.27"]
[SourceQuality "1"]

1. e4 e6 2. d4 d5 3. Nc3 Nf6 4. e5 Nfd7 5. f4 c5 6. Nf3 Nc6 7. Be3 Qb6 8. Na4
Qa5+ 9. c3 cxd4 10. b4 Qc7 11. Nxd4 a6 12. Qd2 b5 13. Nb2 Nb6 14. Bd3 Be7 15.
O-O Bd7 16. Rae1 Nxd4 17. Bxd4 Nc4 18. Nxc4 bxc4 19. Bb1 a5 20. a3 axb4 21.
axb4 Qb7 22. Qe3 Bd8 23. f5 Ra6 24. Qg3 Bb6 25. Qxg7 Bxd4+ 26. cxd4 Rf8 27. f6
Qxb4 28. Bxh7 Ba4 29. Ra1 Qb6 30. Rf4 Bb3 31. Rc1 Ra2 32. Rg4 Qb4 33. h4 Qa3
34. Kh2 Kd7 35. Rc3 Qb4 36. Rc1 Kc6 37. Bg8 Raa8 38. Bxf7 Qd2 39. Bxe6 Qxc1 40.
Bxd5+ Kb6 41. Qb7+ Ka5 42. Qc7+ 1-0

[Event "Oakham Young Masters"]
[Site "Oakham"]
[Date "1990.??.??"]
[Round "?"]
[White "Apicella, Manuel"]
[Black "Hill, Shane Malcolm"]
[Result "1/2-1/2"]
[WhiteElo "2390"]
[BlackElo "2245"]
[PlyCount "123"]
[EventDate "1990.03.28"]
[EventType "swiss"]
[EventRounds "9"]
[EventCountry "ENG"]
[SourceTitle "BritBase"]
[Source "John Saunders"]
[SourceDate "2023.06.27"]
[SourceVersion "1"]
[SourceVersionDate "2023.06.27"]
[SourceQuality "1"]

1. e4 c6 2. d4 d5 3. Nc3 dxe4 4. Nxe4 Bf5 5. Ng3 Bg6 6. Nf3 Nd7 7. Bc4 Qc7 8.
O-O Ngf6 9. Re1 e6 10. c3 Bd6 11. Qe2 O-O 12. Ne5 c5 13. Bb3 cxd4 14. cxd4 Rac8
15. Bg5 Qb6 16. Red1 Qa5 17. Bd2 Qc7 18. Rac1 Qb8 19. Bc3 Nb6 20. h4 Rc7 21. h5
Bf5 22. Nxf5 exf5 23. h6 g6 24. Bd2 Ne4 25. Bf4 Qd8 26. f3 Qh4 27. Rxc7 Bxc7
28. Nxg6 hxg6 29. Bxc7 Ng5 30. d5 Nd7 31. d6 Qg3 32. Kf1 Nf6 33. Qf2 Qh2 34.
Rc1 Qh1+ 35. Qg1 Qxh6 36. Rd1 Ne6 37. Qxa7 Nd7 38. Bxe6 fxe6 39. Kg1 e5 40.
Qxb7 Qe3+ 41. Kf1 Rf7 42. Qa8+ Kg7 43. Qd5 Nf6 44. Qd2 Qc5 45. Qc3 Qb5+ 46. Kg1
Nd7 47. Re1 f4 48. b3 Qa6 49. Qc2 Rf5 50. Re4 Rh5 51. Ra4 Qc8 52. Qc6 Nb8 53.
Qc3 Qf5 54. Re4 Nd7 55. Bd8 g5 56. Kf2 Rh2 57. Re1 g4 58. fxg4 Qxg4 59. Qf3 Qg6
60. Kg1 Rh8 61. Ba5 Qxd6 62. Qc3 1/2-1/2

[Event "Oakham Young Masters"]
[Site "Oakham"]
[Date "1990.??.??"]
[Round "?"]
[White "Apicella, Manuel"]
[Black "Webster, Andrew A"]
[Result "1/2-1/2"]
[WhiteElo "2390"]
[BlackElo "2275"]
[PlyCount "57"]
[EventDate "1990.03.28"]
[EventType "swiss"]
[EventRounds "9"]
[EventCountry "ENG"]
[SourceTitle "BritBase"]
[Source "John Saunders"]
[SourceDate "2023.06.27"]
[SourceVersion "1"]
[SourceVersionDate "2023.06.27"]
[SourceQuality "1"]

1. e4 g6 2. d4 Bg7 3. Nc3 c6 4. Nf3 d5 5. h3 Nf6 6. e5 Ne4 7. Nxe4 dxe4 8. Ng5
c5 9. Bc4 O-O 10. c3 cxd4 11. Qxd4 Qc7 12. Qxe4 Qxe5 13. Qxe5 Bxe5 14. O-O Nc6
15. Re1 Bg7 16. Be3 h6 17. Ne4 Bf5 18. Ng3 Bd7 19. Bc5 Ne5 20. Bf1 Rfe8 21. f4
Nc6 22. Bb5 e5 23. fxe5 Rxe5 24. Rxe5 Nxe5 25. Be2 f5 26. Bd4 Be6 27. b3 Nc6
28. Bxg7 Kxg7 29. Kf2 1/2-1/2

[Event "Oakham Young Masters"]
[Site "Oakham"]
[Date "1990.??.??"]
[Round "?"]
[White "Buckley, Graeme N"]
[Black "Iosif, Cristina S"]
[Result "0-1"]
[WhiteElo "2240"]
[BlackElo "2220"]
[PlyCount "126"]
[EventDate "1990.03.28"]
[EventType "swiss"]
[EventRounds "9"]
[EventCountry "ENG"]
[SourceTitle "BritBase"]
[Source "John Saunders"]
[SourceDate "2023.06.27"]
[SourceVersion "1"]
[SourceVersionDate "2023.06.27"]
[SourceQuality "1"]

1. d4 d5 2. c4 e6 3. Nc3 Be7 4. Nf3 Nf6 5. Bg5 h6 6. Bh4 O-O 7. e3 b6 8. Be2
Bb7 9. Bxf6 Bxf6 10. cxd5 exd5 11. b4 c5 12. bxc5 bxc5 13. Qb3 Bc6 14. O-O c4
15. Qc2 Re8 16. Ne1 Qd6 17. g3 Nd7 18. Ng2 g6 19. Nf4 Bg7 20. Bf3 Nf6 21. Rfb1
Reb8 22. h4 h5 23. Kf1 a5 24. Rxb8+ Rxb8 25. Rb1 Rb4 26. Ke2 Qd7 27. a3 Rb7 28.
Rxb7 Qxb7 29. Qb1 Qxb1 30. Nxb1 Bf8 31. Nc3 Bxa3 32. Nfxd5 Kg7 33. Nxf6 Bxf3+
34. Kxf3 Kxf6 35. Ke4 Bb4 36. Na2 Be1 37. Kf3 a4 38. e4 Ke6 39. Ke2 Ba5 40. f3
f5 41. Kf2 a3 42. Ke2 fxe4 43. fxe4 Kf6 44. Kf2 c3 45. Ke2 c2 46. Nc1 Bc3 47.
Kd3 Be1 48. Kxc2 Bxg3 49. Kb3 Bxh4 50. Kxa3 Bf2 51. Kb3 Bxd4 52. Kc4 Ke5 53.
Kd3 h4 54. Nb3 Bg1 55. Ke2 Kf4 56. Kf1 Be3 57. Kg2 g5 58. e5 Kxe5 59. Kf3 h3
60. Kg3 g4 61. Na1 Bf4+ 62. Kf2 g3+ 63. Kf3 g2 0-1

[Event "Oakham Young Masters"]
[Site "Oakham"]
[Date "1990.??.??"]
[Round "?"]
[White "Buckley, Graeme N"]
[Black "Maric, Alisa"]
[Result "1/2-1/2"]
[WhiteElo "2240"]
[BlackElo "2365"]
[PlyCount "185"]
[EventDate "1990.03.28"]
[EventType "swiss"]
[EventRounds "9"]
[EventCountry "ENG"]
[SourceTitle "BritBase"]
[Source "John Saunders"]
[SourceDate "2023.06.27"]
[SourceVersion "1"]
[SourceVersionDate "2023.06.27"]
[SourceQuality "1"]

1. d4 d5 2. c4 e6 3. Nc3 Be7 4. Nf3 Nf6 5. Bg5 h6 6. Bh4 O-O 7. e3 b6 8. Be2
Bb7 9. Bxf6 Bxf6 10. cxd5 exd5 11. b4 c6 12. O-O Re8 13. Qb3 Qd6 14. Rac1 Nd7
15. Ne1 Nf8 16. Nd3 Rac8 17. Rfd1 Rc7 18. Nf4 Ne6 19. Nxe6 Rxe6 20. Bf3 Bd8 21.
b5 Qf8 22. bxc6 Rexc6 23. Rc2 Rc4 24. a3 Be7 25. Be2 R4c6 26. Bd3 Qa8 27. Rdc1
Bf8 28. Bb5 Rf6 29. a4 Qd8 30. Be2 a6 31. Bf3 Rd7 32. Ne2 Bd6 33. Rc3 g6 34.
Qc2 Kg7 35. Bg4 Re7 36. g3 h5 37. Bh3 Bb8 38. Nf4 Bxf4 39. gxf4 Qd6 40. Rc7 b5
41. axb5 axb5 42. Rxe7 Qxe7 43. Qc5 Qxc5 44. dxc5 Ra6 45. Kf1 Bc6 46. Ke1 Ra2
47. Bf1 b4 48. Rb1 Rc2 49. Rxb4 Rxc5 50. Kd2 Ra5 51. Bd3 Ra2+ 52. Bc2 Bd7 53.
Kc3 Be6 54. Ra4 Rxa4 55. Bxa4 Kf6 56. Kd4 Kf5 57. f3 Kf6 58. Bb3 Bh3 59. Bxd5
Bg2 60. h4 Bh3 61. Kc5 Ke7 62. Bc4 Bg2 63. Be2 Ke6 64. Bc4+ Ke7 65. Bd5 Bh1 66.
Be4 Bg2 67. Kd4 Ke6 68. Kd3 Kf6 69. Ke2 Bh3 70. Kf2 Be6 71. Bd3 Bd7 72. Bf1 Be6
73. Kg3 Ba2 74. Bh3 Bb1 75. e4 Bc2 76. Kf2 Bb1 77. Ke3 Bc2 78. f5 g5 79. hxg5+
Kxg5 80. Bf1 f6 81. f4+ Kh6 82. Bh3 Kg7 83. Bf1 Kf8 84. Be2 h4 85. Bg4 Bb1 86.
e5 Ke7 87. Kf3 Bc2 88. Kg2 Bd3 89. Kh3 Kf7 90. Bh5+ Kg7 91. Bg6 Bc4 92. Kxh4
Bb3 93. e6 1/2-1/2

[Event "Oakham Young Masters"]
[Site "Oakham"]
[Date "1990.??.??"]
[Round "?"]
[White "Buckley, Graeme N"]
[Black "Werner, Marc"]
[Result "1/2-1/2"]
[WhiteElo "2240"]
[BlackElo "2370"]
[PlyCount "91"]
[EventDate "1990.03.28"]
[EventType "swiss"]
[EventRounds "9"]
[EventCountry "ENG"]
[SourceTitle "BritBase"]
[Source "John Saunders"]
[SourceDate "2023.06.27"]
[SourceVersion "1"]
[SourceVersionDate "2023.06.27"]
[SourceQuality "1"]

1. d4 Nf6 2. c4 g6 3. Nc3 Bg7 4. e4 d6 5. f4 O-O 6. Nf3 c5 7. d5 e6 8. Be2 exd5
9. cxd5 Bg4 10. O-O Nbd7 11. Re1 Re8 12. h3 Bxf3 13. Bxf3 a6 14. a4 Qa5 15. Be3
c4 16. Bf2 h6 17. Kh2 Nc5 18. e5 dxe5 19. fxe5 Nfd7 20. e6 fxe6 21. dxe6 Ne5
22. Qd5 Qc7 23. Bg3 Ncd3 24. Re2 Re7 25. Be4 Rd8 26. Bxd3 Rxd5 27. Nxd5 cxd3
28. Rxe5 Bxe5 29. Nxc7 Bxc7 30. Bxc7 Rxc7 31. Rd1 Re7 32. Rxd3 Rxe6 33. Rb3 b6
34. Rd3 Kf7 35. Kg3 Re4 36. Rb3 Re6 37. Kf4 Rc6 38. Ke5 Ke7 39. Kd5 Kd7 40. g4
Rc5+ 41. Kd4 Kc6 42. Rf3 Rd5+ 43. Ke4 Kc5 44. Rf6 Rd4+ 45. Ke3 Rb4 46. Rxg6
1/2-1/2

[Event "Oakham Young Masters"]
[Site "Oakham"]
[Date "1990.??.??"]
[Round "?"]
[White "Carton, Niall"]
[Black "Cooper, Lawrence"]
[Result "1-0"]
[WhiteElo "2205"]
[BlackElo "2310"]
[PlyCount "139"]
[EventDate "1990.03.28"]
[EventType "swiss"]
[EventRounds "9"]
[EventCountry "ENG"]
[SourceTitle "BritBase"]
[Source "John Saunders"]
[SourceDate "2023.06.27"]
[SourceVersion "1"]
[SourceVersionDate "2023.06.27"]
[SourceQuality "1"]

1. e4 e5 2. Bc4 Nf6 3. d3 Bc5 4. Nf3 Nc6 5. O-O d6 6. c3 a6 7. Bb3 Ba7 8. Re1
O-O 9. Nbd2 Ng4 10. Re2 Kh8 11. h3 Nxf2 12. Rxf2 f5 13. Nf1 fxe4 14. dxe4 Bxf2+
15. Kxf2 Qh4+ 16. Kg1 Qxe4 17. Bc2 Qc4 18. Ne3 Qf7 19. Qd3 g6 20. Bb3 Be6 21.
Bxe6 Qxe6 22. Ng5 Qd7 23. Bd2 Rad8 24. Qd5 Rde8 25. Ng4 Nd8 26. c4 Qc6 27. Ne4
Qxd5 28. cxd5 Nf7 29. Rc1 Rc8 30. Bb4 Rfd8 31. Ba5 Rd7 32. Ngf6 Re7 33. Bb4 Ra8
34. a4 Kg7 35. Ba5 b6 36. Be1 a5 37. Bh4 g5 38. Nxg5 Nxg5 39. Bxg5 Rf7 40. Ne4
Kg6 41. Bd2 Raf8 42. Be3 h6 43. Nc3 Rg8 44. Nb5 Rgg7 45. Rc4 Kh7 46. Rh4 Rg6
47. Nc3 Rgf6 48. Kh2 Rg6 49. Ne4 Rf1 50. Nc3 Re1 51. Bd2 Rf1 52. Be3 Re1 53.
Re4 Rf6 54. Kg3 Ref1 55. Nb5 Rg6+ 56. Rg4 Rf7 57. h4 h5 58. Rg5 Rd7 59. Kf3
Rf7+ 60. Ke2 Rxg5 61. Bxg5 Kg6 62. Bd8 Rf4 63. b3 Rb4 64. Bxc7 Rxb3 65. Nxd6
Rb4 66. Nc8 Rxa4 67. d6 Re4+ 68. Kf3 Rd4 69. Nxb6 a4 70. Nxa4 1-0

[Event "Oakham Young Masters"]
[Site "Oakham"]
[Date "1990.??.??"]
[Round "?"]
[White "Carton, Niall"]
[Black "Ledger, Andrew J"]
[Result "1-0"]
[WhiteElo "2205"]
[BlackElo "2335"]
[PlyCount "87"]
[EventDate "1990.03.28"]
[EventType "swiss"]
[EventRounds "9"]
[EventCountry "ENG"]
[SourceTitle "BritBase"]
[Source "John Saunders"]
[SourceDate "2023.06.27"]
[SourceVersion "1"]
[SourceVersionDate "2023.06.27"]
[SourceQuality "1"]

1. e4 c6 2. d4 d5 3. Nd2 g6 4. Ngf3 Bg7 5. e5 Nh6 6. h3 O-O 7. Nb3 f6 8. Bf4
Nf7 9. exf6 exf6 10. Be2 Nd7 11. O-O f5 12. c4 dxc4 13. Bxc4 Nb6 14. Qc2 Nd5
15. Be5 f4 16. Nc5 b6 17. Nd3 Ng5 18. Nxg5 Qxg5 19. Bxd5+ cxd5 20. Qc6 f3 21.
Qxd5+ Rf7 22. g3 Bb7 23. Qe6 Rd8 24. h4 Qd2 25. Rad1 Qc2 26. Bxg7 Kxg7 27. Qe5+
Kg8 28. Nf4 Qxb2 29. h5 Qc2 30. Rfe1 Qf5 31. Qxf5 Rxf5 32. hxg6 hxg6 33. Nxg6
Ra5 34. Re7 Rd6 35. Ne5 Bd5 36. Rc1 Kf8 37. Rh7 Kg8 38. Rcc7 Rxa2 39. Rhg7+ Kf8
40. Ng6+ Rxg6 41. Rxg6 Ra1+ 42. Kh2 Rf1 43. Rd6 Rxf2+ 44. Kh3 1-0

[Event "Oakham Young Masters"]
[Site "Oakham"]
[Date "1990.??.??"]
[Round "?"]
[White "Carton, Niall"]
[Black "Mortazavi, Ali"]
[Result "1/2-1/2"]
[WhiteElo "2205"]
[BlackElo "2275"]
[PlyCount "132"]
[EventDate "1990.03.28"]
[EventType "swiss"]
[EventRounds "9"]
[EventCountry "ENG"]
[SourceTitle "BritBase"]
[Source "John Saunders"]
[SourceDate "2023.06.27"]
[SourceVersion "1"]
[SourceVersionDate "2023.06.27"]
[SourceQuality "1"]

1. e4 Nc6 2. Nf3 d6 3. d4 Nf6 4. Nc3 Bg4 5. Be2 e6 6. h3 Bh5 7. O-O Be7 8. Be3
O-O 9. Qd2 Bg6 10. Bd3 e5 11. Rfe1 a6 12. a3 Qd7 13. Rad1 Rad8 14. b4 Qc8 15.
Qc1 Rfe8 16. b5 axb5 17. Bxb5 Nxe4 18. Nxe4 Bxe4 19. d5 Bxf3 20. gxf3 Nd4 21.
Bxd4 c6 22. dxc6 bxc6 23. Bf1 exd4 24. Rxd4 d5 25. f4 Bc5 26. Rd3 Rxe1 27. Qxe1
Re8 28. Qd2 Qf5 29. Qc3 d4 30. Qa5 g6 31. Bg2 Re2 32. Qd8+ Kg7 33. Qg5 Qxg5 34.
fxg5 Rxc2 35. Bxc6 Bxa3 36. Bd5 Bb2 37. Rf3 Rc7 38. Kf1 Rd7 39. Bc4 Bc1 40. h4
h6 41. Rg3 hxg5 42. hxg5 Rc7 43. Bd3 Re7 44. Rg4 Bb2 45. Be4 Re5 46. Ke2 Ra5
47. Bd3 Ra4 48. f4 Bc1 49. f5 gxf5 50. Bxf5 Ra5 51. Bd3 Ra2+ 52. Kf3 Be3 53.
Ke4 Ra5 54. Rg2 Rc5 55. Bb1 Kg6 56. Kf3+ Kg7 57. Ke4 Rc1 58. Bc2 Rf1 59. Kd3
Rf5 60. Bb1 Ra5 61. Ke4 Kg6 62. Kf3+ Kg7 63. Ke4 Ra8 64. Kd3 Re8 65. Kc4 Re5
66. Kd3 Rxg5 1/2-1/2

[Event "Oakham Young Masters"]
[Site "Oakham"]
[Date "1990.??.??"]
[Round "?"]
[White "Cooper, Lawrence"]
[Black "Mortazavi, Ali"]
[Result "0-1"]
[WhiteElo "2310"]
[BlackElo "2275"]
[PlyCount "54"]
[EventDate "1990.03.28"]
[EventType "swiss"]
[EventRounds "9"]
[EventCountry "ENG"]
[SourceTitle "BritBase"]
[Source "John Saunders"]
[SourceDate "2023.06.27"]
[SourceVersion "1"]
[SourceVersionDate "2023.06.27"]
[SourceQuality "1"]

1. e4 Nf6 2. e5 Nd5 3. c4 Nb6 4. d4 d6 5. exd6 cxd6 6. Nc3 g6 7. h3 Bg7 8. Nf3
O-O 9. Be2 Nc6 10. O-O Bf5 11. Bf4 e5 12. Bg5 Qc8 13. Be3 Nb4 14. dxe5 Nxc4 15.
Bxc4 Qxc4 16. Qxd6 Rfd8 17. Qc5 Qxc5 18. Bxc5 Nd3 19. Ba3 a6 20. g4 Be6 21.
Rab1 Nf4 22. Kh2 Rd3 23. Kg3 Bxe5 24. Rbe1 Bc7 25. Rd1 Rad8 26. Rxd3 Rxd3 27.
Rd1 b5 0-1

[Event "Oakham Young Masters"]
[Site "Oakham"]
[Date "1990.??.??"]
[Round "?"]
[White "Cooper, Lawrence"]
[Black "Regan, Natasha K"]
[Result "1-0"]
[WhiteElo "2310"]
[BlackElo "2010"]
[PlyCount "75"]
[EventDate "1990.03.28"]
[EventType "swiss"]
[EventRounds "9"]
[EventCountry "ENG"]
[SourceTitle "BritBase"]
[Source "John Saunders"]
[SourceDate "2023.06.27"]
[SourceVersion "1"]
[SourceVersionDate "2023.06.27"]
[SourceQuality "1"]

1. d4 Nf6 2. Nf3 g6 3. c4 Bg7 4. Nc3 d6 5. e4 O-O 6. Be2 e5 7. O-O Nbd7 8. Re1
exd4 9. Nxd4 Nc5 10. Bf1 Re8 11. f3 a5 12. Be3 Bd7 13. Qd2 a4 14. Nc2 b6 15.
Bg5 Ne6 16. Be3 Nc5 17. Rad1 Qc8 18. Nd4 Qb7 19. Nd5 Nxd5 20. cxd5 b5 21. Ne2
b4 22. Bd4 Be5 23. Rc1 Qb6 24. Kh1 Qa5 25. Bxe5 dxe5 26. Qc2 Na6 27. Ng3 Rec8
28. h4 c6 29. Qd2 a3 30. bxa3 Qxa3 31. dxc6 Bxc6 32. Qd6 Bb7 33. Rxc8+ Rxc8 34.
h5 Qxa2 35. Qe7 Bc6 36. Qxe5 Qe6 37. Qxe6 fxe6 38. Bxa6 1-0

[Event "Oakham Young Masters"]
[Site "Oakham"]
[Date "1990.??.??"]
[Round "?"]
[White "Cullip, Stephen J"]
[Black "Apicella, Manuel"]
[Result "1-0"]
[WhiteElo "2285"]
[BlackElo "2390"]
[PlyCount "89"]
[EventDate "1990.03.28"]
[EventType "swiss"]
[EventRounds "9"]
[EventCountry "ENG"]
[SourceTitle "BritBase"]
[Source "John Saunders"]
[SourceDate "2023.06.27"]
[SourceVersion "1"]
[SourceVersionDate "2023.06.27"]
[SourceQuality "1"]

1. e4 e6 2. d4 d5 3. Nd2 c5 4. dxc5 Bxc5 5. Bd3 Nf6 6. Qe2 Nc6 7. Ngf3 a6 8. c3
h6 9. O-O Qc7 10. e5 Nd7 11. Nb3 Be7 12. Re1 b5 13. Bd2 Nb6 14. Be3 Na4 15. Bd4
Bd7 16. Rac1 O-O 17. Bb1 Rfc8 18. Qc2 g6 19. h4 h5 20. Qd2 Qd8 21. g3 b4 22.
Bd3 bxc3 23. bxc3 Na5 24. Qh6 Bf8 25. Qf4 Nc4 26. g4 hxg4 27. Nh2 Nab2 28. Bb1
Na3 29. Re3 Nxb1 30. Rxb1 Nc4 31. Rg3 Qxh4 32. Nxg4 Bg7 33. Kg2 f5 34. Rh1
Qxh1+ 35. Kxh1 fxg4 36. Qxg4 Be8 37. f4 Bf7 38. Nc5 Rc6 39. Nd7 Rc7 40. Nc5 Rc6
41. Qh4 Rc7 42. Rh3 Nd2 43. Qh7+ Kf8 44. Nd7+ Rxd7 45. Bc5+ 1-0

[Event "Oakham Young Masters"]
[Site "Oakham"]
[Date "1990.??.??"]
[Round "?"]
[White "Cullip, Stephen J"]
[Black "Iosif, Cristina S"]
[Result "1/2-1/2"]
[WhiteElo "2285"]
[BlackElo "2220"]
[PlyCount "27"]
[EventDate "1990.03.28"]
[EventType "swiss"]
[EventRounds "9"]
[EventCountry "ENG"]
[SourceTitle "BritBase"]
[Source "John Saunders"]
[SourceDate "2023.06.27"]
[SourceVersion "1"]
[SourceVersionDate "2023.06.27"]
[SourceQuality "1"]

1. e4 c5 2. Nf3 e6 3. d4 cxd4 4. Nxd4 Nc6 5. Nb5 d6 6. c4 Nf6 7. N5c3 Be7 8.
Be2 b6 9. O-O Bb7 10. Be3 O-O 11. Nd2 d5 12. cxd5 exd5 13. exd5 Nb4 14. Bf3
1/2-1/2

[Event "Oakham Young Masters"]
[Site "Oakham"]
[Date "1990.??.??"]
[Round "?"]
[White "Harris, Michael"]
[Black "Cooper, Lawrence"]
[Result "1/2-1/2"]
[WhiteElo "2255"]
[BlackElo "2310"]
[PlyCount "28"]
[EventDate "1990.03.28"]
[EventType "swiss"]
[EventRounds "9"]
[EventCountry "ENG"]
[SourceTitle "BritBase"]
[Source "John Saunders"]
[SourceDate "2023.06.27"]
[SourceVersion "1"]
[SourceVersionDate "2023.06.27"]
[SourceQuality "1"]

1. Nf3 Nf6 2. g3 d5 3. Bg2 Bg4 4. O-O Nbd7 5. d4 e6 6. c4 c6 7. cxd5 exd5 8. h3
Bf5 9. Nh4 Be4 10. Nc3 Bxg2 11. Kxg2 g6 12. Bg5 Bg7 13. Qd2 O-O 14. f3 Re8
1/2-1/2

[Event "Oakham Young Masters"]
[Site "Oakham"]
[Date "1990.??.??"]
[Round "?"]
[White "Harris, Michael"]
[Black "Regan, Natasha K"]
[Result "1-0"]
[WhiteElo "2255"]
[BlackElo "2010"]
[PlyCount "81"]
[EventDate "1990.03.28"]
[EventType "swiss"]
[EventRounds "9"]
[EventCountry "ENG"]
[SourceTitle "BritBase"]
[Source "John Saunders"]
[SourceDate "2023.06.27"]
[SourceVersion "1"]
[SourceVersionDate "2023.06.27"]
[SourceQuality "1"]

1. Nf3 Nf6 2. g3 g6 3. Bg2 Bg7 4. O-O O-O 5. d3 d6 6. e4 c5 7. Nc3 Nc6 8. Ne2
Rb8 9. h3 b5 10. Be3 a5 11. Ne1 e5 12. f4 Nd4 13. Nf3 Nxe2+ 14. Qxe2 Nh5 15.
Qf2 exf4 16. gxf4 Bxb2 17. Rab1 Bg7 18. e5 Re8 19. d4 Be6 20. c3 Bc4 21. Rfe1
Qd7 22. Rbd1 cxd4 23. Nxd4 dxe5 24. Nc6 Qc7 25. Nxb8 Qxb8 26. Ba7 Qc7 27. Bb6
Qb8 28. Rd7 Nxf4 29. Red1 Ne2+ 30. Kh1 Ng3+ 31. Kh2 e4 32. Bc7 Nf1+ 33. Bxf1
Be5+ 34. Bxe5 Qxe5+ 35. Qg3 Qe6 36. R7d6 Qf5 37. Bxc4 bxc4 38. R6d2 e3 39. Re2
Qe4 40. Rde1 f5 41. Rxe3 1-0

[Event "Oakham Young Masters"]
[Site "Oakham"]
[Date "1990.??.??"]
[Round "?"]
[White "Hennigan, Michael T"]
[Black "Apicella, Manuel"]
[Result "0-1"]
[WhiteElo "2355"]
[BlackElo "2390"]
[PlyCount "110"]
[EventDate "1990.03.28"]
[EventType "swiss"]
[EventRounds "9"]
[EventCountry "ENG"]
[SourceTitle "BritBase"]
[Source "John Saunders"]
[SourceDate "2023.06.27"]
[SourceVersion "1"]
[SourceVersionDate "2023.06.27"]
[SourceQuality "1"]

1. g3 e5 2. Bg2 d5 3. d3 Nf6 4. Nf3 Nc6 5. O-O Be7 6. a3 a5 7. b3 O-O 8. Bb2 d4
9. Nbd2 Re8 10. Nc4 Bf8 11. a4 Bg4 12. h3 Bf5 13. e4 Bc8 14. Nfd2 Nd7 15. f4 f6
16. Nf3 Nb4 17. g4 c6 18. g5 b5 19. Na3 fxg5 20. f5 Rb8 21. Bc1 Be7 22. Qe1 Bf6
23. Qg3 h6 24. Rf2 Nc5 25. Bf1 Bxf5 26. Nxg5 Bd7 27. Nf3 Kh8 28. Rg2 Re7 29. h4
Qf8 30. Be2 Nxc2 31. Nxc2 Nxb3 32. Rb1 Nxc1 33. Rxc1 Ree8 34. h5 b4 35. Na1 b3
36. Rb1 b2 37. Bd1 bxa1=Q 38. Rxa1 Qe7 39. Rc1 Rb4 40. Ra2 Reb8 41. Rac2 Rb1
42. Qe1 Rxc1 43. Rxc1 Qa3 44. Qd2 Rb2 45. Rc2 Rb1 46. Kg2 c5 47. Ra2 Qc1 48.
Qxc1 Rxc1 49. Bb3 Bg4 50. Bf7 c4 51. dxc4 d3 52. Kg3 Bxf3 53. Kxf3 Bg5 54. c5
d2 55. Bb3 Rc3+ 0-1

[Event "Oakham Young Masters"]
[Site "Oakham"]
[Date "1990.??.??"]
[Round "?"]
[White "Hennigan, Michael T"]
[Black "Carton, Niall"]
[Result "1/2-1/2"]
[WhiteElo "2355"]
[BlackElo "2205"]
[PlyCount "122"]
[EventDate "1990.03.28"]
[EventType "swiss"]
[EventRounds "9"]
[EventCountry "ENG"]
[SourceTitle "BritBase"]
[Source "John Saunders"]
[SourceDate "2023.06.27"]
[SourceVersion "1"]
[SourceVersionDate "2023.06.27"]
[SourceQuality "1"]

1. e4 e6 2. d4 d5 3. Nd2 Nf6 4. e5 Nfd7 5. f4 c5 6. c3 Nc6 7. Ndf3 Qb6 8. g3 f6
9. Bh3 cxd4 10. cxd4 Bb4+ 11. Kf1 fxe5 12. fxe5 O-O 13. Kg2 Ndxe5 14. dxe5 Nxe5
15. Qe2 Nc4 16. b3 Bc3 17. Rb1 Bf6 18. Qd3 Nd6 19. Ne2 Qa5 20. a4 Ne4 21. Nf4
Re8 22. Bb2 Qc5 23. Rhf1 Qd6 24. Bxf6 Nxf6 25. Ng5 e5 26. Nh5 e4 27. Qe2 Bxh3+
28. Nxh3 Nxh5 29. Qxh5 g6 30. Qe2 Rac8 31. Rbc1 Rxc1 32. Rxc1 d4 33. Qc4+ Kh8
34. Ng5 Qd7 35. Qf7 Qxf7 36. Nxf7+ Kg7 37. Nd6 Re7 38. Re1 e3 39. Kf3 Kf6 40.
Nc4 Kf5 41. g4+ Kg5 42. Kg3 a6 43. h4+ Kf6 44. a5 Ke6 45. Kf4 Kd5 46. Nb6+ Kc5
47. Kf3 Re6 48. Ke2 Re4 49. Rg1 h5 50. gxh5 gxh5 51. Kd3 Rxh4 52. Nc4 Kb4 53.
Rg7 Kxb3 54. Rxb7+ Ka4 55. Rb6 Rh1 56. Rxa6 Rd1+ 57. Ke2 Rc1 58. Rc6 Rc2+ 59.
Kd3 Ra2 60. a6 e2 61. Re6 Kb5 1/2-1/2

[Event "Oakham Young Masters"]
[Site "Oakham"]
[Date "1990.??.??"]
[Round "?"]
[White "Hennigan, Michael T"]
[Black "Webster, Andrew A"]
[Result "1/2-1/2"]
[WhiteElo "2355"]
[BlackElo "2275"]
[PlyCount "109"]
[EventDate "1990.03.28"]
[EventType "swiss"]
[EventRounds "9"]
[EventCountry "ENG"]
[SourceTitle "BritBase"]
[Source "John Saunders"]
[SourceDate "2023.06.27"]
[SourceVersion "1"]
[SourceVersionDate "2023.06.27"]
[SourceQuality "1"]

1. e4 g6 2. Nc3 Bg7 3. d4 c6 4. f4 d5 5. e5 h5 6. Be3 Nh6 7. Nf3 Bg4 8. Bf2 e6
9. Be2 Nf5 10. Qd2 Bf8 11. Nd1 Nd7 12. Ne3 Nxe3 13. Bxe3 Qb6 14. O-O-O c5 15.
h3 Bxf3 16. Bxf3 Qa6 17. Kb1 cxd4 18. Bxd4 h4 19. g4 hxg3 20. h4 Bc5 21. Qg2
Bxd4 22. Rxd4 Qb6 23. Rdd1 Qf2 24. Qxf2 gxf2 25. Rdf1 Ke7 26. Rxf2 Rh6 27. c4
Nb6 28. cxd5 Nxd5 29. Bxd5 exd5 30. Rc2 Rd8 31. Rc7+ Rd7 32. Rxd7+ Kxd7 33. Kc2
Ke6 34. Kd3 f6 35. exf6 Kxf6 36. Ke3 Rh7 37. Kf3 Rc7 38. Rh2 Rc4 39. Rd2 Rc5
40. Kg4 a5 41. a4 b5 42. b3 bxa4 43. bxa4 Kg7 44. Rd1 Kh6 45. Rb1 d4 46. Rb5
Rxb5 47. axb5 d3 48. Kf3 a4 49. b6 d2 50. Ke2 a3 51. b7 a2 52. b8=Q a1=Q 53.
Kxd2 Qd4+ 54. Ke2 Qe4+ 55. Kf2 1/2-1/2

[Event "Oakham Young Masters"]
[Site "Oakham"]
[Date "1990.??.??"]
[Round "?"]
[White "Hill, Shane Malcolm"]
[Black "Cooper, Lawrence"]
[Result "1-0"]
[WhiteElo "2245"]
[BlackElo "2310"]
[PlyCount "41"]
[EventDate "1990.03.28"]
[EventType "swiss"]
[EventRounds "9"]
[EventCountry "ENG"]
[SourceTitle "BritBase"]
[Source "John Saunders"]
[SourceDate "2023.06.27"]
[SourceVersion "1"]
[SourceVersionDate "2023.06.27"]
[SourceQuality "1"]

1. Nf3 Nf6 2. d4 c5 3. g3 cxd4 4. Bg2 e5 5. O-O Nc6 6. c3 dxc3 7. Nxc3 d5 8.
Bg5 d4 9. Bxf6 Qxf6 10. Ne4 Qd8 11. Rc1 f6 12. Qb3 Qd7 13. Nfd2 Be7 14. Nc5
Bxc5 15. Rxc5 Nd8 16. Rfc1 Ne6 17. Bh3 Nxc5 18. Bxd7+ Nxd7 19. Qe6+ Kd8 20. Ne4
Re8 21. Qf7 1-0

[Event "Oakham Young Masters"]
[Site "Oakham"]
[Date "1990.??.??"]
[Round "?"]
[White "Hill, Shane Malcolm"]
[Black "Hennigan, Michael T"]
[Result "0-1"]
[WhiteElo "2245"]
[BlackElo "2355"]
[PlyCount "46"]
[EventDate "1990.03.28"]
[EventType "swiss"]
[EventRounds "9"]
[EventCountry "ENG"]
[SourceTitle "BritBase"]
[Source "John Saunders"]
[SourceDate "2023.06.27"]
[SourceVersion "1"]
[SourceVersionDate "2023.06.27"]
[SourceQuality "1"]

1. Nf3 g6 2. g3 Bg7 3. Bg2 d6 4. O-O e5 5. d3 f5 6. e4 Nf6 7. c3 O-O 8. Qb3+
Kh8 9. Ng5 Qd7 10. exf5 gxf5 11. Bxb7 Bxb7 12. Qxb7 Nc6 13. Ne6 Qxe6 14. Qxc6
e4 15. Qc4 d5 16. Qxc7 Ng4 17. d4 Rac8 18. Qb7 f4 19. Na3 Nxh2 20. Kxh2 fxg3+
21. Kg2 gxf2 22. Rxf2 Qg4+ 23. Kf1 Rxf2+ 0-1